Maailman viisi suurinta kaupunkia kirjaimittain #1 - Statistics

Yleistilastot
  • Tätä visaa on pelattu 389 kertaa
  • Keskiarvotulos 22 / 45
Vastaustilastot
Valtio Väkiluku Kaupunki % Oikein
Thaimaa 21,8 milj. Bangkok
93%
Intia 35,7 milj. Delhi
91%
Egypti 22,8 milj. Kairo
86%
Indonesia 29,5 milj. Jakarta
83%
Argentiina 16,8 milj. Buenos Aires
81%
Saksa 3,23 milj. Frankfurt
81%
Yhdistyneet arabiemiraatit 6,05 milj. Dubai
80%
Irak 7,80 milj. Bagdad
77%
Kolumbia 10,6 milj. Bogotá
76%
Etelä-Afrikka 14,8 milj. Johannesburg
76%
Yhdysvallat 9,60 milj. Chicago
69%
Yhdysvallat 7,80 milj. Dallas
68%
Bangladesh 23,1 milj. Dhaka
66%
Jordania 6,15 milj. Amman
64%
Ghana 6,80 milj. Accra
63%
Egypti 6,25 milj. Aleksandria
62%
Kiina 72,7 milj. Kanton
62%
Guatemala 3,38 milj. Guatemala
57%
Vietnam 14,3 milj. Ho Chi Minh
57%
Intia 17,9 milj. Kalkutta
55%
Kongon dem. tasavalta 16,3 milj. Kinshasa
54%
Saudi-Arabia 3,95 milj. Jedda
53%
Tansania 6,65 milj. Dar es Salaam
52%
Kiina 7,50 milj. Hongkong
49%
Intia 12,9 milj. Chennai
45%
Meksiko 5,95 milj. Guadalajara
44%
Pakistan 21,0 milj. Karachi
44%
Intia 9,90 milj. Ahmedabad
41%
Intia 14,7 milj. Bangalore
39%
Kiina 18,1 milj. Chengdu
33%
Japani 2,85 milj. Fukuoka
33%
Norsunluu- rannikko 7,05 milj. Abidjan
31%
Brasilia 3,83 milj. Fortaleza
30%
Intia 11,7 milj. Hyderabad
29%
Intia 4,53 milj. Jaipur
28%
Kiina 12,9 milj. Chongqing
22%
Kiina 14,6 milj. Hangzhou
21%
Kiina 4,78 milj. Fuzhou
20%
Ecuador 3,35 milj. Guayaquil
18%
Pakistan 4,13 milj. Faisalabad
17%
Kiina 8,20 milj. Hefei
16%
Kiina 11.5 milj. Changsha
15%
Kiina 6,75 milj. Jinan
13%
Kiina 5,30 milj. Guiyang
7%
Pakistan 3,45 milj. Gujranwala
7%
Ehtoja vastaavia visoja ei löytynyt
Tulosjakauma
Jokaisen tuloksen saaneiden osuus
Persentiili vastausten määrän mukaan
Tuloshistoriasi
Et ole pelannut tätä visaa